000 00736nam a2200217Ia 4500
003 GCL
008 140319s9999 xx 000 0 ara d
040 _aGCL /
_cGCL
082 0 4 _a219.3
_bم و
100 1 _aمحمد شحرور
245 1 0 _aدراسات اسلامية معاصرة فى الدولة والمجتمع /
_cمحمد شحرور
300 _a375 ص
490 _a
650 0 4 _aالاسلام والمذاهب السياسية
650 0 4 _aالاسلام والمذاهب الاقتصادية
650 0 4 _aالاسلام والمجتمع
650 0 4 _aالاقتصاد الاسلامى
650 0 4 _aالاسلام والسياسة
650 0 4 _aالاسلام - نظريات سياسية
942 _2ddc
_cBK
999 _c38867
_d38867